[Event "Mittelrhein Verbandsliga-M 15/16"]
[Site "Nordrheinwestfalen"]
[Date "2016.05.01"]
[Round "11.8"]
[White "Kulle, Robin"]
[Black "Nafe, Bernd"]
[Result "0-1"]
[WhiteElo "1653"]
[BlackElo "1811"]
[PlyCount "92"]
[EventDate "2015.09.06"]
[EventType "team-tourn"]
[EventRounds "11"]
[EventCountry "GER"]
[SourceTitle "EXT 2022"]
[Source "ChessBase"]
[SourceDate "2021.10.06"]
[SourceVersion "1"]
[SourceVersionDate "2021.10.06"]
[SourceQuality "1"]
[WhiteTeam "Bergische SF"]
[BlackTeam "Schlebusch SF"]
[WhiteTeamCountry "GER"]
[BlackTeamCountry "GER"]

1. d4 Nf6 2. c4 e5 3. dxe5 Ng4 4. Bf4 Bb4+ 5. Nd2 Nc6 6. Ngf3 Qe7 7. a3 Ngxe5 8. Nxe5 Nxe5 9. e3 Bxd2+ 10. Qxd2 d6 11. h3 a5 12. Be2 Bd7 13. 0-0 Bc6 14. b4 b6 15. c5 dxc5 16. bxc5 0-0 17. cxb6 cxb6 18. Qc3 Ng6 19. Qxc6 Nxf4 20. exf4 Qxe2 21. Qxb6 Ra6 22. Qe3 Qh5 23. Rac1 Re6 24. Qc5 Qh4 25. f5 Re4 26. Rc3 h6 27. Qxa5 Rfe8 28. Rf3 Qf6 29. Qc3 R8e5 30. Ra1 Qe7 31. Rc1 f6 32. Qc8+ Kh7 33. Rc7 Re1+ 34. Kh2 Qe8 35. Qxe8 Rxe8 36. Rg3 Rg8 37. a4 Ra1 38. Ra7 Ra2 39. f3 Rc2 40. Rg6 Kh8 41. Rg4 Rc5 42. Rf4 Kh7 43. g4 h5 44. Kg3 h4+ 45. Kxh4 Rc1 46. a5 Rg1 0-1